000 00868nam a2200277 i 4500
003 EG-GICUC
005 20260406094855.0
008 260406s1980 -uk||||fr|||| 000 0 eng d
040 _aEG-GiCUC
_beng
_cEG-GiCUC
_dEG-GiCUC
_erda
041 0 _aeng
082 0 4 _221
_a341.48
_bKU . F
092 0 4 _221
099 _aLaw1 11 341.48 KU . F 1980
100 1 _aKuznetsov, Felix
_eAuthor.
245 0 4 _aFelix Kuznetsov Of Human Values :
_bSoviet Literature Today /
_cFelix Kuznetsov.
264 1 _aMoscow :
_bProgress Publishers ,
_c1980.
300 _a203 pages,
_c21 cm.
336 _2rda content
_atext
337 _2rda media
_aComputer
338 _2rda carrier
_aOnline Resource
546 _aText in English
650 1 4 _aPublic international law
856 4 0 _uhttps://fll.law.cu.edu.eg/fulltext/bks/B11-08849.pdf
905 _a48
942 _2ddc
_cBK
_e21
_n0
999 _c69245
_d69245